01002nam a22002417a 45000010005000000030006000050050017000110080041000280200017000690400029000860500013001150820011001281000024001392450074001632600039002373000047002765050007003235200314003305210027006445210018006716500042006897000029007317946FISKH20250814142310.0250814b cb ||||| |||| 00| 0 eng d a076645060075 aFISKHbengcFISKHdFISKH aLB1525.6 a372.4  aGregorich, Barbara  aBeep, Beep! cWritten by Barbara Gregorich ; Illustrated by Ed Taber  aMichigan : bSchool Zone, c1819.  a16 pages : bcolor illustrations ; c23 cm aE  aSchool Zone Start to Read! Books present beginning readers with a variety of captivating stories told through rhyme, rhythm, and repetition for easy reading. Each book builds children's reading vocabulary and features an exciting or amusing plot with beautiful illustrations that support and extend the text. 8 a170 bLexile estimate 8 aE bRaz-Plus  aEasy ReadervRhymingxI Can Read Book aTaber, Ed eillustrator